[Event "27th Summer Universiade 2013 Kazan,Russ"]
[Site "Kazan,Russia"]
[Date "2013.07.11"]
[Round "4.40"]
[White "Abrantes, Persson"]
[Black "Hwang, Sungjae"]
[Result "1/2-1/2"]
[WhiteElo "2017"]
[BlackElo "1830"]
[PlyCount "94"]
[EventDate "2013.07.09"]

1. d4 Nf6 2. c4 e6 3. Nc3 Bb4 4. Qc2 Nc6 5. Nf3 d6 6. Bd2 Qe7 7. e3 O-O 8. a3
Bxc3 9. Bxc3 e5 10. d5 Nb8 11. h3 a5 12. g4 Nfd7 13. h4 Nc5 14. b4 axb4 15.
axb4 Rxa1+ 16. Bxa1 Nca6 17. b5 Nc5 18. g5 f5 19. Rg1 f4 20. e4 Bd7 21. h5 Be8
22. Rh1 Bd7 23. Bh3 Bxh3 24. Rxh3 Qd7 25. Rh4 Qe7 26. Kf1 Nbd7 27. Bc3 Qd8 28.
Kg2 Qa8 29. Rh1 Qe8 30. Qe2 Qe7 31. Rh3 Ra8 32. Nh4 Qe8 33. Nf5 Ra4 34. Be1 Nb6
35. Rc3 Qd8 36. g6 h6 37. Kf1 Kf8 38. Rc1 Qa8 39. Qg4 Nxe4 40. Nxh6 Nf6 41. Qg5
Qc8 42. Nf5 Ng8 43. c5 dxc5 44. Rxc5 Qd7 45. Bc3 Nxd5 46. Bxe5 Ndf6 47. Kg2 f3+
1/2-1/2

[Event "27th Summer Universiade 2013 Kazan,Russ"]
[Site "Kazan,Russia"]
[Date "2013.07.11"]
[Round "4.41"]
[White "De Mey, Juan Pablo"]
[Black "Malgie, Avikaar"]
[Result "1-0"]
[WhiteElo "1951"]
[BlackElo "1773"]
[PlyCount "95"]
[EventDate "2013.07.09"]

1. e4 c5 2. Nf3 d6 3. d4 cxd4 4. Nxd4 g6 5. Be3 Bg7 6. Nc3 Nf6 7. f3 Nc6 8. Qd2
O-O 9. Bc4 a6 10. h4 Qc7 11. Bb3 e5 12. Nde2 Be6 13. Nd5 Bxd5 14. Bxd5 Nxd5 15.
exd5 Ne7 16. g4 f5 17. O-O-O f4 18. Bf2 b5 19. h5 g5 20. h6 Bf6 21. Nc3 Rac8
22. Kb1 Ng6 23. Ne4 Be7 24. Rh5 Qd8 25. Be1 Rc4 26. Qe2 Rxe4 27. Qxe4 Qd7 28.
a3 Nh8 29. Rc1 Rc8 30. c4 Nf7 31. Rh2 Bd8 32. Bf2 bxc4 33. Rxc4 Rb8 34. Rb4
Rxb4 35. Qxb4 e4 36. Qxe4 Ne5 37. Bd4 Bf6 38. Bxe5 Bxe5 39. Rh5 Bf6 40. Rh2 Qe7
41. Qxe7 Bxe7 42. b4 Kf7 43. Re2 Ke8 44. Kc2 Kd7 45. Kb3 Bf6 46. a4 Be5 47. Kc4
Kc7 48. Rc2 1-0

[Event "27th Summer Universiade in Kazan (Men)"]
[Site "Kazan"]
[Date "2013.07.12"]
[Round "5.1"]
[White "Zhou, Jianchao"]
[Black "So, Wesley"]
[Result "1/2-1/2"]
[WhiteElo "2572"]
[BlackElo "2708"]
[PlyCount "21"]
[EventDate "2013.??.??"]

1. d4 Nf6 2. c4 g6 3. Nc3 d5 4. cxd5 Nxd5 5. Na4 e5 6. dxe5 Nc6 7. a3 Nxe5 8.
e4 Nb6 9. Qxd8+ Kxd8 10. Bg5+ Be7 11. O-O-O+ 1/2-1/2

[Event "27th Summer Universiade in Kazan (Men)"]
[Site "Kazan"]
[Date "2013.07.12"]
[Round "5.2"]
[White "Li, Chao B"]
[Black "Andriasian, Zaven"]
[Result "1/2-1/2"]
[WhiteElo "2686"]
[BlackElo "2620"]
[PlyCount "116"]
[EventDate "2013.??.??"]

1. d4 d5 2. c4 c6 3. cxd5 cxd5 4. Bf4 Nc6 5. e3 Nf6 6. Nc3 a6 7. Be2 g6 8. h3
Bg7 9. Nf3 O-O 10. O-O Bf5 11. Qb3 b5 12. Ne5 Nxe5 13. Bxe5 Ne4 14. Nxe4 dxe4
15. Bxg7 Kxg7 16. Rfc1 Be6 17. Qb4 Qd6 18. Rc5 a5 19. Qd2 b4 20. Qc2 f5 21. Bb5
Rac8 22. Bc6 f4 23. Qxe4 fxe3 24. fxe3 Rf6 25. Rac1 Bxh3 26. Qe5 Bf5 27. e4 Bg4
28. Qxd6 exd6 29. Rxa5 Rf4 30. Ra7+ Kh6 31. Re7 d5 32. Rc5 dxe4 33. Bxe4 Rcf8
34. d5 Ra8 35. Kh2 Bf5 36. Bxf5 Rxf5 37. Re4 Rxa2 38. Rh4+ Kg5 39. Rxb4 h5 40.
Rb6 h4 41. Rcc6 Rxd5 42. Rxg6+ Kh5 43. Rg8 Ra4 44. b4 Rg5 45. Rh8+ Kg4 46. Rb7
Ra2 47. Rc7 Rb2 48. Rc4+ Kf5 49. Rc5+ Kg4 50. Rxg5+ Kxg5 51. Rb8 Kg4 52. Rg8+
Kh5 53. Rb8 Kg4 54. b5 h3 55. Rg8+ Kh5 56. Kxh3 Rxb5 57. g4+ Kh6 58. Kh4 Rb1
1/2-1/2

[Event "27th Summer Universiade in Kazan (Men)"]
[Site "Kazan"]
[Date "2013.07.12"]
[Round "5.3"]
[White "Ma, Qun"]
[Black "Onischuk, Vladimir"]
[Result "1-0"]
[WhiteElo "2584"]
[BlackElo "2576"]
[PlyCount "95"]
[EventDate "2013.??.??"]

1. e4 d6 2. d4 Nf6 3. Nc3 g6 4. Bg5 Bg7 5. e5 Nfd7 6. f4 O-O 7. Qd2 f6 8. Bh4
Nb6 9. exf6 exf6 10. O-O-O Be6 11. d5 Bf7 12. Nf3 Qc8 13. Bf2 c6 14. h4 Nxd5
15. Nxd5 Bxd5 16. h5 Bf7 17. hxg6 hxg6 18. Bd3 c5 19. f5 g5 20. Nxg5 Nc6 21.
Nxf7 Rxf7 22. Bc4 Qxf5 23. g4 Qg6 24. Qxd6 Ne5 25. Bxf7+ Qxf7 26. Bxc5 Qxa2 27.
Qd5+ Qxd5 28. Rxd5 Kf7 29. Bd4 Ke6 30. Rb5 b6 31. g5 Rd8 32. gxf6 Bxf6 33. Bc3
Rd5 34. Rxd5 Kxd5 35. Rh7 a5 36. Rh5 Ke6 37. Kb1 Nd7 38. Bxf6 Nxf6 39. Rh6 Ke5
40. Ka2 b5 41. Ka3 Nd5 42. Ra6 Ne3 43. Rxa5 Nxc2+ 44. Kb3 Nd4+ 45. Kb4 Nc2+ 46.
Kxb5 Kd4 47. Ra4+ Kd3 48. Kc5 1-0

[Event "27th Summer Universiade in Kazan (Men)"]
[Site "Kazan"]
[Date "2013.07.12"]
[Round "5.4"]
[White "Nigalidze, Gaioz"]
[Black "Moranda, Wojciech"]
[Result "0-1"]
[WhiteElo "2497"]
[BlackElo "2570"]
[PlyCount "90"]
[EventDate "2013.??.??"]

1. d4 Nf6 2. c4 d6 3. Nc3 e5 4. d5 a5 5. e4 Be7 6. Bd3 Nfd7 7. Nf3 Nc5 8. Bc2
Bg4 9. Be3 Nbd7 10. h3 Bxf3 11. Qxf3 Bg5 12. O-O O-O 13. Bxg5 Qxg5 14. Nb5 Rac8
15. Qc3 Nf6 16. Rae1 b6 17. Re3 Qh4 18. Rfe1 g6 19. Na7 Rce8 20. Nc6 Nh5 21.
Bd1 Ng7 22. Qd2 f5 23. Bf3 Rf7 24. R1e2 Ref8 25. b3 h5 26. a3 f4 27. Rc3 g5 28.
b4 axb4 29. axb4 Nd7 30. Re1 g4 31. Be2 f3 32. g3 Qf6 33. Bd1 gxh3 34. Rxf3 Qg6
35. Rxf7 Rxf7 36. Kh2 h4 37. Kxh3 hxg3 38. fxg3 Nf6 39. Qe3 Ngh5 40. Kh2 Rh7
41. Kg2 Nf4+ 42. Kg1 Qh6 43. Bf3 Qh2+ 44. Kf1 Qh3+ 45. Kf2 Ng4+ 0-1

[Event "27th Summer Universiade in Kazan (Men)"]
[Site "Kazan"]
[Date "2013.07.12"]
[Round "5.5"]
[White "Durarbayli, Vasif"]
[Black "Matlakov, Maxim"]
[Result "1/2-1/2"]
[WhiteElo "2549"]
[BlackElo "2665"]
[PlyCount "54"]
[EventDate "2013.??.??"]

1. e4 e5 2. Nf3 Nc6 3. Bb5 Nf6 4. Qe2 Bc5 5. d3 d6 6. c3 O-O 7. Bg5 Bb6 8. Nbd2
Ne7 9. Nh4 Ng6 10. Nxg6 fxg6 11. h4 Be6 12. Bc4 Qd7 13. O-O-O c6 14. Bxf6 gxf6
15. h5 d5 16. hxg6 hxg6 17. Bb3 Kg7 18. Nf3 Bg4 19. exd5 cxd5 20. Nxe5 Bxe2 21.
Nxd7 Bxd1 22. Kxd1 Rfd8 23. Nxb6 axb6 24. Re1 Rd7 25. Re6 Ra6 26. d4 Kf7 27.
Re3 Ra8 1/2-1/2

[Event "27th Summer Universiade in Kazan (Men)"]
[Site "Kazan"]
[Date "2013.07.12"]
[Round "5.6"]
[White "Yu, Yangyi"]
[Black "Margvelashvili, Giorgi"]
[Result "0-1"]
[WhiteElo "2657"]
[BlackElo "2548"]
[PlyCount "114"]
[EventDate "2013.??.??"]

1. e4 c6 2. d4 d5 3. e5 Bf5 4. Nc3 Qb6 5. Nf3 e6 6. Be2 Nd7 7. O-O Qd8 8. b3
Bb4 9. Na4 Ne7 10. Nh4 Be4 11. Bd3 b5 12. a3 Ba5 13. b4 Bxd3 14. cxd3 bxa4 15.
bxa5 Qxa5 16. Bd2 Qa6 17. Bb4 c5 18. Bxc5 Nxc5 19. dxc5 O-O 20. Qc2 Nc6 21. Nf3
Rab8 22. Rab1 Rb3 23. Rxb3 axb3 24. Qxb3 Rb8 25. Qc3 Qa4 26. Ra1 d4 27. Qd2 Rb3
28. Qd1 Qb5 29. a4 Qxd3 30. Qxd3 Rxd3 31. Rb1 h6 32. h4 Rc3 33. Rb7 Rxc5 34.
Rc7 d3 35. Kh2 a5 36. Kg3 Rc4 37. Rd7 Nb4 38. Rd8+ Kh7 39. Rd7 Nd5 40. Rxf7 Rc3
41. Kh2 Rc2 42. Kg3 d2 43. Nxd2 Rxd2 44. Ra7 Re2 45. Rxa5 Rxe5 46. Ra8 Kg6 47.
a5 Ne7 48. Kf4 Rd5 49. g4 Kf7 50. Ra7 Kf6 51. Ra8 Nc6 52. a6 Rd4+ 53. Kg3 Ra4
54. f4 Ra3+ 55. Kg2 Kf7 56. h5 e5 57. f5 e4 0-1

[Event "27th Summer Universiade in Kazan (Men)"]
[Site "Kazan"]
[Date "2013.07.12"]
[Round "5.7"]
[White "Hovhannisyan, Robert"]
[Black "Georgescu, Tiberiu-Marian"]
[Result "1-0"]
[WhiteElo "2620"]
[BlackElo "2396"]
[PlyCount "61"]
[EventDate "2013.??.??"]

1. e4 e5 2. Nf3 Nc6 3. Bb5 a6 4. Ba4 Nf6 5. O-O Be7 6. d3 b5 7. Bb3 d6 8. a3
O-O 9. Nc3 Bg4 10. Be3 Qd7 11. h3 Be6 12. Nd5 Bd8 13. a4 b4 14. Qd2 a5 15. c4
Nb8 16. Ng5 h6 17. Nxe6 fxe6 18. Nxf6+ Bxf6 19. c5 d5 20. exd5 exd5 21. d4 exd4
22. Bxd4 c6 23. Bc2 Na6 24. Rae1 Nc7 25. Qd3 Bxd4 26. Qh7+ Kf7 27. Bf5 Qd8 28.
Bg6+ Kf6 29. Bh5 Qe8 30. Rxe8 Raxe8 31. Qg6+ 1-0

[Event "27th Summer Universiade in Kazan (Men)"]
[Site "Kazan"]
[Date "2013.07.12"]
[Round "5.9"]
[White "Alekseev, Evgeny"]
[Black "Atabayev, Maksat"]
[Result "1-0"]
[WhiteElo "2714"]
[BlackElo "2460"]
[PlyCount "107"]
[EventDate "2013.??.??"]

1. e4 c5 2. Nf3 d6 3. d4 Nf6 4. Bb5+ Nbd7 5. O-O cxd4 6. Qxd4 e5 7. Qd3 h6 8.
c4 Be7 9. Nc3 O-O 10. Bxd7 Bxd7 11. Be3 a6 12. a4 Be6 13. a5 Rc8 14. b3 Qe8 15.
Nd2 Nd7 16. Rfd1 Kh8 17. Qe2 Kh7 18. Nf1 g6 19. Qd2 Rg8 20. Nd5 Bxd5 21. Qxd5
Rc6 22. b4 Nf6 23. Qd3 Rc8 24. f3 Qc6 25. Rdc1 Kg7 26. Ng3 Qd7 27. Rc3 Qe6 28.
Bf2 Rge8 29. Qc2 Red8 30. Rd1 Rc6 31. Nf1 Rcc8 32. Ne3 Re8 33. Rc1 Red8 34. Qd1
Qd7 35. Qc2 Re8 36. Rb1 Red8 37. Qd3 Qe6 38. b5 axb5 39. Rxb5 Qd7 40. Nd5 Nxd5
41. Qxd5 Rc6 42. Rcb3 Qe6 43. Qxe6 fxe6 44. Rxb7 Kf6 45. h4 g5 46. h5 Rdc8 47.
Rd7 Rxc4 48. Rbb7 Re8 49. a6 Ra4 50. a7 Kf7 51. Rb8 Kf8 52. Rdb7 Rd8 53. Rxd8+
Bxd8 54. Rb8 1-0

[Event "27th Summer Universiade in Kazan (Men)"]
[Site "Kazan"]
[Date "2013.07.12"]
[Round "5.10"]
[White "Petenyi, Tamas"]
[Black "Amin, Bassem"]
[Result "0-1"]
[WhiteElo "2480"]
[BlackElo "2650"]
[PlyCount "126"]
[EventDate "2013.??.??"]

1. e4 e5 2. Nf3 Nc6 3. Bb5 a6 4. Ba4 Nf6 5. Nc3 d6 6. Bxc6+ bxc6 7. d4 exd4 8.
Qxd4 c5 9. Qd3 Bb7 10. O-O Be7 11. e5 dxe5 12. Nxe5 Qxd3 13. Nxd3 O-O-O 14. Be3
Nd7 15. Na4 c4 16. Ndc5 Bc6 17. Nxd7 Rxd7 18. Nc3 Rhd8 19. f3 f5 20. Rfd1 Bd6
21. h3 g5 22. Bf2 g4 23. hxg4 fxg4 24. fxg4 Rf8 25. Be3 Re7 26. Re1 Rg8 27. Bf2
Rxg4 28. Rxe7 Rxg2+ 29. Kf1 Bxe7 30. Rd1 Bf3 31. Re1 Rg7 32. Re6 Bd6 33. Rf6
Bg2+ 34. Ke2 h5 35. Nd1 Be7 36. Rh6 Rf7 37. Ne3 Bf3+ 38. Ke1 c3 39. bxc3 Bf6
40. c4 Bc3+ 41. Kf1 Bd4 42. Ke1 Kb7 43. Re6 a5 44. Kd2 Rd7 45. Kc1 a4 46. a3
Bc5 47. Re5 Bxa3+ 48. Kb1 Rd2 49. Bh4 Re2 50. Rb5+ Kc6 51. Nf5 Re4 52. Bf2 Rxc4
53. Ra5 Kd7 54. Ne3 Rf4 55. Bg3 Rb4+ 56. Ka1 h4 57. Bh2 Bb2+ 58. Ka2 Bc1 59.
Re5 c6 60. Bg1 h3 61. Rf5 Bxe3 62. Rxf3 Bxg1 63. Rxh3 Bc5 0-1

[Event "27th Summer Universiade in Kazan (Men)"]
[Site "Kazan"]
[Date "2013.07.12"]
[Round "5.12"]
[White "Atabayev, Yusup"]
[Black "Kravtsiv, Martyn"]
[Result "1/2-1/2"]
[WhiteElo "2431"]
[BlackElo "2620"]
[PlyCount "83"]
[EventDate "2013.??.??"]

1. e4 e5 2. Nf3 Nc6 3. Bb5 a6 4. Bxc6 dxc6 5. O-O Bg4 6. h3 h5 7. d3 Qf6 8.
Nbd2 Ne7 9. Re1 Ng6 10. d4 Bd6 11. hxg4 hxg4 12. Nh2 Rxh2 13. Qxg4 Rh4 14. Qf5
Rf4 15. Qxf6 Rxf6 16. Nb3 Re6 17. dxe5 Nxe5 18. Kf1 O-O-O 19. f4 Ng4 20. e5 Rh8
21. Nd4 Ree8 22. Ke2 f6 23. Kf3 fxe5 24. Kxg4 exd4 25. Bd2 Kd7 26. Kf3 c5 27.
c3 b5 28. b3 Kc6 29. Rxe8 Rxe8 30. c4 Rb8 31. Ke4 Kd7 32. Kd3 Ke6 33. Rh1 Rf8
34. g3 Rf6 35. Ke4 Kf7 36. g4 bxc4 37. bxc4 Re6+ 38. Kd3 Re8 39. Rh5 Rb8 40.
Kc2 Re8 41. Kd3 Rb8 42. Ke4 1/2-1/2

[Event "27th Summer Universiade in Kazan (Men)"]
[Site "Kazan"]
[Date "2013.07.12"]
[Round "5.13"]
[White "Tomczak, Jacek"]
[Black "Mazur, Stefan"]
[Result "1/2-1/2"]
[WhiteElo "2564"]
[BlackElo "2409"]
[PlyCount "67"]
[EventDate "2013.??.??"]

1. e4 e5 2. Nf3 Nc6 3. Bc4 Nf6 4. Ng5 d5 5. exd5 Na5 6. Bb5+ c6 7. dxc6 bxc6 8.
Bd3 Nd5 9. Nf3 Bd6 10. O-O Nf4 11. Re1 Nxd3 12. cxd3 O-O 13. Nc3 Re8 14. Ne4 c5
15. b3 Bf8 16. Ba3 Qxd3 17. Rc1 Bb7 18. Qe2 Qd5 19. Qb5 c4 20. Qxd5 Bxd5 21.
Bxf8 Rxf8 22. bxc4 Nxc4 23. d3 Nb6 24. Nxe5 Bxa2 25. Nc6 Rfe8 26. Ra1 Bd5 27.
Nxa7 h6 28. g4 Nd7 29. f4 Bxe4 30. dxe4 Nc5 31. e5 Nd3 32. Rf1 g5 33. fxg5 hxg5
34. Nc6 1/2-1/2

[Event "27th Summer Universiade in Kazan (Men)"]
[Site "Kazan"]
[Date "2013.07.12"]
[Round "5.14"]
[White "Anton, Teodor"]
[Black "Tazbir, Marcin"]
[Result "1/2-1/2"]
[WhiteElo "2438"]
[BlackElo "2561"]
[PlyCount "107"]
[EventDate "2013.??.??"]

1. c4 e5 2. g3 Nf6 3. Bg2 d5 4. cxd5 Nxd5 5. Nc3 Nb6 6. Nf3 Nc6 7. O-O Be7 8.
d3 O-O 9. a3 Re8 10. b4 Bf8 11. Bb2 Rb8 12. Rc1 a5 13. b5 Nd4 14. Nxd4 exd4 15.
Ne4 Bd7 16. Nc5 Bxb5 17. Nxb7 Qd7 18. Nxa5 Na4 19. Bc6 Bxc6 20. Nxc6 Nxb2 21.
Nxb8 Rxb8 22. Qc2 Na4 23. Qxc7 Qe8 24. Rc4 Nc3 25. Kg2 Ra8 26. Qb7 Rb8 27. Qf3
Bxa3 28. Rxd4 Qxe2 29. Qxe2 Nxe2 30. Rc4 Rd8 31. Ra1 Bf8 32. Raa4 g6 33. Kf1
Nxg3+ 34. hxg3 Rxd3 35. Ra8 Kg7 36. Ra7 Rf3 37. Kg2 Rf6 38. f4 h5 39. Rc8 Rf5
40. Kf3 Bb4 41. Rcc7 Bd6 42. Rc6 Bf8 43. Ke4 Bb4 44. Rc8 Bd6 45. Rd7 Bb4 46.
Rdd8 Ba5 47. Rg8+ Kh7 48. Rge8 Bb4 49. Rb8 Be1 50. Rh8+ Kg7 51. Kf3 Ra5 52.
Rhg8+ Kh7 53. Rgf8 Kg7 54. Rg8+ 1/2-1/2

[Event "27th Summer Universiade in Kazan (Men)"]
[Site "Kazan"]
[Date "2013.07.12"]
[Round "5.15"]
[White "Baryshpolets, Andrey"]
[Black "Lapcevic, Milos"]
[Result "1-0"]
[WhiteElo "2544"]
[BlackElo "2403"]
[PlyCount "89"]
[EventDate "2013.??.??"]

1. d4 Nf6 2. c4 e6 3. Nf3 b6 4. g3 Bb7 5. Bg2 Be7 6. Nc3 Ne4 7. Bd2 Bf6 8. Rc1
O-O 9. O-O d5 10. cxd5 exd5 11. Bf4 c5 12. dxc5 Nxc3 13. bxc3 bxc5 14. Rb1 Bc6
15. Ne5 Bxe5 16. Bxe5 Qe7 17. Bxb8 Raxb8 18. Rxb8 Rxb8 19. c4 Rb2 20. Bf3 Qe5
21. Qc1 Rxa2 22. cxd5 Bd7 23. Qxc5 Ra1 24. Rxa1 Qxa1+ 25. Kg2 Qa4 26. Qe7 g6
27. e4 Bb5 28. h4 Qa1 29. Qc5 Qf1+ 30. Kh2 Qd3 31. Bg2 a5 32. e5 a4 33. e6 a3
34. Qe7 Qf5 35. Qxa3 Qxf2 36. e7 Kg7 37. Qa8 Qe2 38. d6 h6 39. Qf8+ Kf6 40.
Qh8+ Kf5 41. Qc8+ Kf6 42. Qd8 Kf5 43. d7 Bc6 44. Qa5+ Kf6 45. e8=N+ 1-0

[Event "27th Summer Universiade in Kazan (Men)"]
[Site "Kazan"]
[Date "2013.07.12"]
[Round "5.16"]
[White "Ferreira, Jorge Viterbo"]
[Black "Bulski, Krzysztof"]
[Result "0-1"]
[WhiteElo "2401"]
[BlackElo "2534"]
[PlyCount "104"]
[EventDate "2013.??.??"]

1. e4 c5 2. Nf3 d6 3. d4 cxd4 4. Nxd4 Nf6 5. Nc3 g6 6. Be2 Bg7 7. Be3 Nc6 8.
Nb3 O-O 9. f4 a6 10. g4 d5 11. exd5 Nb4 12. Bf3 Bxg4 13. Bxg4 Nxg4 14. Qxg4
Nxc2+ 15. Kf2 Nxa1 16. Rxa1 Bxc3 17. bxc3 Qxd5 18. Qg5 Qxg5 19. fxg5 f6 20. Ke2
fxg5 21. c4 b5 22. c5 Rf5 23. Rd1 Kf7 24. Rd7 Rc8 25. Ra7 g4 26. Rxa6 h5 27. c6
h4 28. Nd4 Rc5 29. Ra5 e5 30. Ra7+ Ke8 31. Nf5 Rc2+ 32. Kd3 gxf5 33. Kxc2 f4
34. Bf2 Rxc6+ 35. Kd3 g3 36. hxg3 hxg3 37. Bxg3 fxg3 38. Rg7 Ra6 39. Ke4 Rxa2
40. Rxg3 Kd7 41. Kxe5 Kc6 42. Rg8 Kc5 43. Ke4 Rd2 44. Ke3 Rd5 45. Ke4 Kc4 46.
Rc8+ Rc5 47. Rd8 b4 48. Ke3 Kc3 49. Ke2 b3 50. Rd3+ Kb2 51. Kd1 Ka2 52. Rd8 Ra5
0-1

[Event "27th Summer Universiade in Kazan (Men)"]
[Site "Kazan"]
[Date "2013.07.12"]
[Round "5.17"]
[White "Abdyjapar, Asyl"]
[Black "Abasov, Nijat"]
[Result "1/2-1/2"]
[WhiteElo "2400"]
[BlackElo "2498"]
[PlyCount "97"]
[EventDate "2013.??.??"]

1. c4 c5 2. Nc3 Nc6 3. Nf3 g6 4. g3 Bg7 5. Bg2 d6 6. O-O e5 7. a3 Nge7 8. b4
O-O 9. Rb1 cxb4 10. axb4 Be6 11. d3 h6 12. b5 Nd4 13. Nd2 Qd7 14. e3 Ndf5 15.
Ba3 Rac8 16. Nde4 Rfd8 17. Qb3 Kh8 18. Nd5 Ng8 19. Rfc1 b6 20. Ra1 Qe8 21. Bb2
Rd7 22. Ra4 Bxd5 23. cxd5 Rxc1+ 24. Bxc1 Nfe7 25. Nd2 Nf6 26. Ba3 Qd8 27. e4
Rc7 28. Rc4 Ne8 29. Bh3 Bf8 30. Rxc7 Qxc7 31. Nc4 Kg8 32. Bb4 g5 33. Qa3 Ng6
34. Bf5 h5 35. Kg2 g4 36. h3 gxh3+ 37. Kxh3 h4 38. Qc1 hxg3 39. fxg3 Qd8 40.
Bd2 Nc7 41. Bg5 Be7 42. Bxe7 Qxe7 43. Na3 Kg7 44. Qc6 Qg5 45. Bxg6 Qh6+ 46. Kg2
Qd2+ 47. Kh3 Qh6+ 48. Kg2 Qd2+ 49. Kh3 1/2-1/2

[Event "27th Summer Universiade in Kazan (Men)"]
[Site "Kazan"]
[Date "2013.07.12"]
[Round "5.19"]
[White "Batchuluun, Tsegmed"]
[Black "Nguyen, Van Hai"]
[Result "1/2-1/2"]
[WhiteElo "2517"]
[BlackElo "2353"]
[PlyCount "77"]
[EventDate "2013.??.??"]

1. d4 d5 2. c4 e6 3. Nf3 c5 4. cxd5 exd5 5. g3 Nc6 6. Bg2 Nf6 7. O-O Be7 8. Nc3
O-O 9. Bg5 c4 10. Ne5 Be6 11. b3 Qa5 12. Nxc6 bxc6 13. Na4 Rfd8 14. e3 Rac8 15.
Qc2 c5 16. Nxc5 Bxc5 17. dxc5 Qxc5 18. Bxf6 gxf6 19. Rfd1 d4 20. exd4 Rxd4 21.
Rxd4 Qxd4 22. Rd1 Qe5 23. bxc4 Rxc4 24. Qd3 Kg7 25. h4 Ra4 26. Bd5 Bxd5 27.
Qxd5 Qxd5 28. Rxd5 Rxa2 29. Kg2 Ra3 30. Rd7 a5 31. Ra7 Ra1 32. Ra6 a4 33. h5 a3
34. Kf3 h6 35. Kf4 Rf1 36. Kf3 Ra1 37. Kf4 Rf1 38. Kf3 Ra1 39. Kf4 1/2-1/2

[Event "27th Summer Universiade in Kazan (Men)"]
[Site "Kazan"]
[Date "2013.07.12"]
[Round "5.20"]
[White "Gundavaa, Bayarsaikhan"]
[Black "Tologontegin, Semetey"]
[Result "1-0"]
[WhiteElo "2516"]
[BlackElo "2370"]
[PlyCount "117"]
[EventDate "2013.??.??"]

1. d4 d5 2. c4 e6 3. Nc3 a6 4. cxd5 exd5 5. Nf3 c6 6. Bf4 Nf6 7. Qc2 Bd6 8. Bg3
O-O 9. e3 Re8 10. Bd3 h6 11. O-O-O a5 12. Ne5 Na6 13. a3 Qc7 14. e4 dxe4 15.
Nxe4 Nxe4 16. Bxe4 Be6 17. Rhe1 Qe7 18. f4 Qf6 19. Qf2 Qd8 20. f5 Bd5 21. Bxd5
cxd5 22. f6 Qxf6 23. Qxf6 gxf6 24. Ng4 Rxe1 25. Rxe1 Bxg3 26. Nxf6+ Kg7 27.
Nh5+ Kg6 28. Nxg3 Nc7 29. Re7 Rc8 30. Kd2 Kf6 31. Re5 Kg6 32. Nh5 Rd8 33. Nf4+
Kf6 34. g4 Rd7 35. h4 Kg7 36. Kd3 Kf8 37. Rf5 Rd6 38. Re5 Rb6 39. Nxd5 Nxd5 40.
Rxd5 Rxb2 41. Rxa5 Rg2 42. g5 Rg4 43. gxh6 Rxh4 44. Ra8+ Ke7 45. Ra7 Rxh6 46.
Rxb7+ Kd8 47. Ra7 f5 48. d5 Rh4 49. a4 Rb4 50. a5 f4 51. a6 Ra4 52. d6 Ra3+ 53.
Ke2 f3+ 54. Kf2 Kc8 55. Rc7+ Kb8 56. a7+ Ka8 57. d7 Ra2+ 58. Ke3 Re2+ 59. Kd3
1-0

[Event "27th Summer Universiade in Kazan (Men)"]
[Site "Kazan"]
[Date "2013.07.12"]
[Round "5.21"]
[White "Ibarra Chami, Luis Fernando"]
[Black "Pham, Chuong"]
[Result "1-0"]
[WhiteElo "2482"]
[BlackElo "2365"]
[PlyCount "61"]
[EventDate "2013.??.??"]

1. e4 c5 2. Nf3 d6 3. d4 cxd4 4. Nxd4 Nf6 5. Nc3 g6 6. Be3 Bg7 7. f3 O-O 8. Qd2
Nc6 9. g4 Be6 10. Nxe6 fxe6 11. O-O-O Ne5 12. Be2 Rc8 13. Nb5 Qd7 14. Nxa7 Nc4
15. Bxc4 Rxc4 16. b3 Rc7 17. Bb6 Ra8 18. a4 Ne8 19. Qb4 Qd8 20. f4 Qb8 21. Nb5
Rc6 22. Nd4 Rxb6 23. Qxb6 Qc8 24. Qb4 e5 25. fxe5 Bxe5 26. g5 Ng7 27. Kb1 Qc7
28. Qd2 Rc8 29. Nb5 Qd7 30. Qd5+ Qe6 31. Qxb7 1-0

[Event "27th Summer Universiade in Kazan (Men)"]
[Site "Kazan"]
[Date "2013.07.12"]
[Round "5.22"]
[White "Rzayev, Bahruz"]
[Black "Gaehler, Marco"]
[Result "1-0"]
[WhiteElo "2429"]
[BlackElo "2317"]
[PlyCount "149"]
[EventDate "2013.??.??"]

1. e4 e6 2. d4 d5 3. Nd2 c5 4. exd5 Qxd5 5. Ngf3 cxd4 6. Bc4 Qd6 7. Nb3 Qb4+ 8.
Nfd2 Nc6 9. a3 Qb6 10. Ne4 Nf6 11. Nxf6+ gxf6 12. O-O Bd7 13. a4 Rc8 14. Bb5
Rg8 15. g3 e5 16. c3 Bg4 17. Qd3 a6 18. Bc4 Rg6 19. Re1 Qc7 20. Qb1 dxc3 21.
bxc3 Ne7 22. Bd3 f5 23. f3 Bh3 24. Ra2 h5 25. Rae2 h4 26. Rxe5 hxg3 27. Bf4
Qb6+ 28. Nd4 Rxc3 29. Qxb6 Rxb6 30. Bxf5 gxh2+ 31. Kxh2 Bxf5 32. Nxf5 Rc7 33.
a5 Rbc6 34. Rb1 Rd7 35. Re2 Kd8 36. Nd6 Rcxd6 37. Bxd6 Rxd6 38. Rxb7 Nc6 39.
Rxf7 Be7 40. f4 Ke8 41. Rh7 Rd5 42. Rh6 Kd7 43. Rxc6 Kxc6 44. Rxe7 Rxa5 45. Kg3
Kd6 46. Re2 Rd5 47. Kg4 a5 48. f5 Re5 49. Rb2 a4 50. Rb8 Ke7 51. Ra8 Kf6 52.
Ra6+ Kf7 53. Kg5 Re1 54. Ra7+ Kg8 55. Rxa4 Rb1 56. Kg6 Rg1+ 57. Kf6 Rf1 58.
Ra8+ Kh7 59. Ke6 Kg7 60. Ra7+ Kg8 61. Kf6 Rf2 62. Ra8+ Kh7 63. Rf8 Ra2 64. Rf7+
Kg8 65. Rg7+ Kh8 66. Re7 Rf2 67. Kg6 Rg2+ 68. Kf7 Rg7+ 69. Ke8 Rg8+ 70. Kf7
Rg7+ 71. Ke6 Rg8 72. f6 Rf8 73. Kf5 Ra8 74. Kg6 Kg8 75. Rg7+ 1-0

[Event "27th Summer Universiade in Kazan (Men)"]
[Site "Kazan"]
[Date "2013.07.12"]
[Round "5.23"]
[White "Sarenac, Ivan"]
[Black "Haitbayev, Hayrulla"]
[Result "1-0"]
[WhiteElo "2410"]
[BlackElo "2088"]
[PlyCount "85"]
[EventDate "2013.??.??"]

1. c4 Nf6 2. Nc3 g6 3. g3 d5 4. cxd5 Nxd5 5. Bg2 Nxc3 6. bxc3 Bg7 7. Rb1 c6 8.
Nf3 O-O 9. Qc2 c5 10. d3 Nc6 11. O-O e5 12. Nd2 Qc7 13. Nc4 Be6 14. f4 Rab8 15.
Qa4 a6 16. Nb6 Rfd8 17. Be3 Ne7 18. Qa3 exf4 19. Bxc5 Nd5 20. Nxd5 Bxd5 21.
Rxf4 Bxg2 22. Kxg2 Qc6+ 23. Kg1 Re8 24. Rf2 Qd5 25. c4 Qh5 26. e4 Rbc8 27. Ba7
b5 28. cxb5 Rc3 29. Qd6 axb5 30. Qd7 Rf8 31. Rbf1 f6 32. d4 Bh6 33. Qe6+ Kg7
34. Rxf6 Be3+ 35. Kh1 Rfc8 36. Rf7+ Kh6 37. Qe7 Rh8 38. d5 Bxa7 39. Qxa7 Rxg3
40. Qf2 Rg5 41. Qf4 Re8 42. h4 Ree5 43. Rg1 1-0

[Event "27th Summer Universiade in Kazan (Men)"]
[Site "Kazan"]
[Date "2013.07.12"]
[Round "5.24"]
[White "Meskovs, Nikita"]
[Black "Munkhgal, Gombosuren"]
[Result "0-1"]
[WhiteElo "2372"]
[BlackElo "2406"]
[PlyCount "148"]
[EventDate "2013.??.??"]

1. d4 Nf6 2. c4 e6 3. Nc3 Bb4 4. e3 b6 5. Bd3 Bb7 6. Nf3 Ne4 7. Qc2 f5 8. O-O
Nxc3 9. bxc3 Bxf3 10. gxf3 Bd6 11. f4 Qh4 12. Qe2 g5 13. Qf3 gxf4 14. e4 Nc6
15. exf5 e5 16. Re1 O-O 17. Kh1 Kh8 18. Bb2 Rae8 19. Re2 Rf6 20. Rg1 Rh6 21.
Rg2 Qh3 22. Qg4 Qxg4 23. Rxg4 f3 24. Re3 Rxh2+ 25. Kg1 Rh3 26. Be4 Ne7 27. Bd3
Ng8 28. c5 Nf6 29. Rg5 bxc5 30. Bf1 Rh5 31. Rxh5 Nxh5 32. Rxf3 e4 33. Re3 Kg7
34. c4 Nf6 35. Rb3 cxd4 36. Bxd4 c5 37. Bc3 Be5 38. Bxe5 Rxe5 39. Ra3 Rxf5 40.
Rxa7 Rf3 41. Ra5 Rc3 42. a4 Ra3 43. Rxc5 Rxa4 44. Bh3 Ra1+ 45. Kg2 Ra2 46. Re5
d6 47. Re7+ Kg6 48. Be6 Rd2 49. Kf1 h5 50. Rb7 Kg5 51. Rb5+ Kg6 52. Bf5+ Kh6
53. Ke1 Rc2 54. Rb6 Rxc4 55. Rxd6 Kg5 56. Bh3 Rc3 57. Be6 h4 58. Kd2 Rf3 59.
Ke2 h3 60. Rd1 Nh5 61. Rg1+ Kf6 62. Bg4 Nf4+ 63. Kd2 Rxf2+ 64. Ke3 Rg2 65. Kxf4
Rxg1 66. Bxh3 e3 67. Kf3 Ke5 68. Bd7 Re1 69. Bb5 Kd4 70. Be2 Rb1 71. Ba6 Rb2
72. Be2 Rd2 73. Bb5 Rf2+ 74. Kg3 Ke5 0-1